|
|
|
|
| LEADER |
01101nam a2200241 a 4500 |
| 001 |
GR-MES6924 |
| 008 |
000420s gr 000 0 gre d |
| 020 |
|
|
|a 9603060828
|
| 040 |
|
|
|a GrPaTEI
|b gre
|c GR-PaULI
|
| 040 |
|
|
|a GrPaTEI
|b gre
|c GR-PaULI
|
| 245 |
0 |
0 |
|a Marketing σε περίοδο κρίσης /
|c Joe Marconi ; Λούση Μοίραλη.
|
| 260 |
|
|
|a Αθήνα :
|b Anubis,
|c 1992
|
| 300 |
|
|
|a 234 σελ.
|
| 500 |
|
|
|a Ευρετήριο σελ.(225-234)
|
| 504 |
|
|
|a Βιβλιογραφία σελ.(219-223)
|
| 650 |
|
4 |
|a Μάρκετινγκ
|
| 700 |
0 |
|
|a Marconi, Joe
|
| 700 |
0 |
|
|a Μοίραλη, Λούση
|
| 942 |
|
|
|2 ddc
|
| 952 |
|
|
|0 0
|1 0
|2 ddc
|4 0
|6 658_800000000000000_MAR
|7 0
|9 277257
|a MSLG
|b MSLG
|c BSC
|d 2021-01-17
|e 24
|f 0
|g 0.00
|l 0
|o 658.8 MAR
|p 2420000016190
|r 2021-01-17 00:00:00
|t 1
|w 2021-01-17
|y BK15
|x 20000420 0 1
|x GrPaTEI
|
| 952 |
|
|
|0 0
|1 0
|2 ddc
|4 0
|6 658_800000000000000_MAR
|7 0
|9 277258
|a MSLG
|b MSLG
|c BSC
|d 2021-01-17
|e 24
|f 0
|g 0.00
|l 0
|o 658.8 MAR
|p 2420000017298
|r 2021-01-17 00:00:00
|t 1
|w 2021-01-17
|y BK15
|x 20010419 0 1
|x GrPaTEI
|
| 971 |
|
|
|a .b25853934
|b 15-04-20
|c 14-09-16
|
| 999 |
|
|
|c 161080
|d 161080
|